Statistiques concernant La Guerre des Clans - Chats les plus cités du troisième cycle

Cliquez ici pour prendre le quiz!

Statistiques générales

  • Ce quiz a été pris 28 fois
  • Le résultat moyen est 10 sur 20

Statistiques - réponses

ClassementRéponseNombre d'occurrences% Correct
5èmeÉtoile de Feu919
100%
1erŒil de Geai2574
87%
3èmeFeuille de Houx2202
80%
4èmeFeuille de Lune972
73%
2èmePelage de Lion2332
73%
11èmePlume Grise306
73%
9èmePoil d'Écureuil405
73%
6èmeGriffe de Ronce886
67%
19èmeTempête de Sable195
67%
8èmePelage de Granit464
40%
7èmeSol483
40%
14èmeMillie224
33%
16èmeŒil de Myosotis214
33%
19èmePelage d'Orage195
33%
13èmePelage de Brume253
27%
12èmePoil de Fougère282
27%
17èmeTruffe de Sureau197
27%
10èmeCœur Cendré333
13%
15èmeBois de Frêne221
7%
17èmePlume de Noisette197
0%

Distribution des résultats

Percentile par nombre de réponses

% des personnes avec chaque résultat

Votre développement - résultats

Vous n’avez pas pris ce quiz